000 00723cam a22002653a 4500
001 1586
003 PGUSA
005 20140828083003.0
008 060222s2006||||xxu|||||s|||||000 1 eng d
040 _aPGUSA
_beng
042 _adc
050 4 _aPR
100 1 _aCollins, Wilkie,
_d1824-1889
245 1 0 _aMan and Wife
_h[electronic resource] /
_cWilkie Collins
260 _bProject Gutenberg,
_c2006
506 _aPublic domain in the USA.
516 _aElectronic text
653 _aMarried women -- Fiction
653 _aEngland -- Fiction
653 _aBigamy -- Fiction
653 _aDomestic fiction
830 0 _aProject Gutenberg
_v1586
856 4 0 _uhttp://www.gutenberg.org/ebooks/1586
942 _cEB
999 _c230934
_d230934